The ruby knight /

Bibliographic Details
Main Author: Eddings, David
Format: Book
Language:English
Published: New York : Ballantine Books, [1990]
Edition:1st ed.
Series:Eddings, David. Elenium ; bk. 2.

MARC

Tag First Indicator Second Indicator Subfields
LEADER 00000cam a2200000 a 4500
001 in00000972718
005 20150927111213.0
008 900409s1990 nyub 00011 eng
010 |a  90000558  
020 |a 0345370430 :  |c $19.95 ($27.95 Can.) 
035 |a (OCoLC)21408475 
035 |9 AEW0740AM 
040 |a DLC  |c DLC  |d UtOrBLW 
049 |a TXAM 
050 0 0 |a PS3555.D38  |b R94 1990 
082 0 0 |a 813/.54  |2 20 
100 1 |a Eddings, David. 
245 1 4 |a The ruby knight /  |c David Eddings. 
250 |a 1st ed. 
264 1 |a New York :  |b Ballantine Books,  |c [1990] 
264 4 |c ©1990 
300 |a 406 pages :  |b maps ;  |c 24 cm. 
336 |a text  |b txt  |2 rdacontent 
337 |a unmediated  |b n  |2 rdamedia 
338 |a volume  |b nc  |2 rdacarrier 
490 1 |a The Elenium ;  |v bk. 2 
500 |a "A Del Rey book." 
800 1 |a Eddings, David.  |t Elenium ;  |v bk. 2. 
999 |a MARS 
999 f f |s 41473061-98a5-32f7-b3d5-d9f6d723c483  |i 259930dd-96d1-333b-9696-f9492f38f77f  |t 0 
952 f f |p normal  |a Texas A&M University  |b College Station  |c Sterling C. Evans Library  |s Evans stk  |d Evans: Library Stacks  |t 0  |e PS3555.D38 R94 1990  |h Library of Congress classification  |i unmediated -- volume  |m A14813324533 
998 f f |a PS3555.D38 R94 1990  |t 0  |l Evans: Library Stacks